书目信息 |
| 题名: |
积分方程
|
|
| 作者: | 张石生 编著 | |
| 分册: | ||
| 出版信息: | 重庆 重庆出版社 1988.3 |
|
| 页数: | 474页 | |
| 开本: | 20cm | |
| 丛书名: | ||
| 单 册: | ||
| 中图分类: | O175.5 | |
| 科图分类: | ||
| 主题词: | ||
| 电子资源: | ||
| ISBN: | 7-5366-0338-X | |
| 000 | 00636nam0 2200229 45 | |
| 001 | 0189029077 | |
| 005 | 20040524144453.7 | |
| 010 | @a7-5366-0338-X@dCNY4.00 | |
| 020 | @aCN@b89029077 | |
| 100 | @a19911017d1988 m y0chiy0120 ea | |
| 101 | 0 | @achi |
| 102 | @aCN@b510000 | |
| 105 | @ay z 000yy | |
| 106 | @ar | |
| 200 | 10 | @a积分方程@Aji fen fang cheng@f张石生编著@Fzhang shi sheng bian zhu |
| 210 | @a重庆@c重庆出版社@d1988.3 | |
| 215 | @a474页@d20cm | |
| 540 | 1 | @a积分方程@Aji fen fang cheng |
| 690 | @aO175.5@v1980 | |
| 701 | 0 | @a张石生@Azhang shi sheng@4编著 |
| 801 | 0 | @aCN@bNLC@c19911017 |
| 905 | @f1@b216442@dO175.5@e62 | |
| 积分方程/张石生编著.-重庆:重庆出版社,1988.3 |
| 474页;20cm |
| ISBN 7-5366-0338-X:CNY4.00 |
| ● |
| 相关链接 |
|
|
|
|
正题名:积分方程
索取号:O175.5/62
 
预约/预借
| 序号 | 登录号 | 条形码 | 馆藏地/架位号 | 状态 | 备注 |
| 1 | 0216441 | 001954004 | 第三借阅区/ [索取号:O175.5/62] | 在馆 | |
| 2 | 0216442 | 000424785 | 第三借阅区/ [索取号:O175.5/62] | 在馆 | |
| 3 | 0216443 | 000424794 | 第二样本阅览室/ [索取号:O175.5/62] | 在馆 |